Nancy Foner, ed.American Arrivals: Anthropology Engages the New Immigration. Santa Fe, School of American Research Press /Oxford, James Currey, 2003, XI + 368 p., bibl., index, fig., tabl. (notice n° 1646048)
[ vue normale ]
| 000 -LEADER | |
|---|---|
| fixed length control field | 00604cam a2200145 4500500 |
| 005 - DATE AND TIME OF LATEST TRANSACTION | |
| control field | 20260208002357.0 |
| 041 ## - LANGUAGE CODE | |
| Language code of text/sound track or separate title | fre |
| 042 ## - AUTHENTICATION CODE | |
| Authentication code | dc |
| 100 10 - MAIN ENTRY--PERSONAL NAME | |
| Personal name | Giafferi-Dombre, Natacha |
| Relator term | author |
| 245 00 - TITLE STATEMENT | |
| Title | Nancy Foner, ed.American Arrivals: Anthropology Engages the New Immigration. Santa Fe, School of American Research Press /Oxford, James Currey, 2003, XI + 368 p., bibl., index, fig., tabl. |
| 260 ## - PUBLICATION, DISTRIBUTION, ETC. | |
| Date of publication, distribution, etc. | 2006.<br/> |
| 500 ## - GENERAL NOTE | |
| General note | 66 |
| 786 0# - DATA SOURCE ENTRY | |
| Note | L'Homme | 179 | 3 | 2006-07-01 | p. 237m-302m | 0439-4216 |
| 856 41 - ELECTRONIC LOCATION AND ACCESS | |
| Uniform Resource Identifier | <a href="https://shs.cairn.info/revue-l-homme-2006-3-page-237m?lang=fr&redirect-ssocas=7080">https://shs.cairn.info/revue-l-homme-2006-3-page-237m?lang=fr&redirect-ssocas=7080</a> |
Pas d'exemplaire disponible.




Réseaux sociaux